000 00273nam a22001097a 4500
999 _c508606
_d508606
020 _a9788125019886
100 _aS.R. Maheshwari
_94039
245 _aIndian administration
_cMaheshwari, S.R.
250 _a6th
260 _aNew Delhi
_bOrient Blackswan
_c2012
300 _a650p.